[Event "BEL-chT 1819"]
[Site "Belgium"]
[Date "2019.02.03"]
[Round "6.1"]
[White "Michiels, Bart"]
[Black "Winants, Luc"]
[Result "1-0"]
[WhiteElo "2554"]
[BlackElo "2513"]
[PlyCount "115"]
[EventDate "2018.09.30"]
[EventType "team-tourn"]
[EventRounds "11"]
[EventCountry "BEL"]
[SourceTitle "CBM 189 Extra"]
[Source "ChessBase"]
[SourceDate "2019.06.03"]
[SourceVersion "1"]
[SourceVersionDate "2019.06.03"]
[SourceQuality "1"]
[WhiteTeam "KGSRL"]
[BlackTeam "Boitsfort"]
[WhiteTeamCountry "BEL"]
[BlackTeamCountry "BEL"]

1. d4 Nf6 2. c4 e6 3. Nc3 Bb4 4. Qc2 0-0 5. a3 Bxc3+ 6. Qxc3 d5 7. Nf3 dxc4 8. Qxc4 b6 9. Bg5 Ba6 10. Qa4 Qd7 11. Qc2 c5 12. Bxf6 gxf6 13. dxc5 Rc8 14. Rd1 Qe7 15. e3 Bxf1 16. Kxf1 Qxc5 17. Qxc5 bxc5 18. Ke2 Nc6 19. Rd2 Rab8 20. Rc2 Na5 21. Nd2 Rc6 22. Rhc1 Nb3 23. Rd1 Nxd2 24. Kxd2 Kf8 25. Kc1 Ke7 26. Rc4 f5 27. Rd2 Rg8 28. g3 Rg4 29. Rdc2 Kd6 30. f3 Rg8 31. Rh4 Rh8 32. Rc3 Rb6 33. Kc2 Rhb8 34. b3 Ra6 35. Rxh7 Rxa3 36. Kb2 Ra5 37. Rxf7 Rb6 38. Rd3+ Ke5 39. Rc7 Kf6 40. h4 Rba6 41. Rdd7 Ra1 42. Rf7+ Kg6 43. Rg7+ Kf6 44. f4 R6a2+ 45. Kc3 Rc1+ 46. Kd3 e5 47. Rcf7+ Ke6 48. Re7+ Kd6 49. Rxe5 c4+ 50. bxc4 Ra3+ 51. Kd2 Rh1 52. Rg6+ Kd7 53. Rd5+ Ke7 54. Ke2 Ra2+ 55. Kd3 Ra3+ 56. Kd4 Rd1+ 57. Ke5 Rxe3+ 58. Kxf5 1-0

[Event "BEL-chT 1819"]
[Site "Belgium"]
[Date "2018.12.02"]
[Round "5.1"]
[White "Winants, Luc"]
[Black "Beukema, Stefan"]
[Result "1/2-1/2"]
[WhiteElo "2513"]
[BlackElo "2396"]
[PlyCount "101"]
[EventDate "2018.09.30"]
[EventType "team-tourn"]
[EventRounds "11"]
[EventCountry "BEL"]
[SourceTitle "CBM 189 Extra"]
[Source "ChessBase"]
[SourceDate "2019.06.03"]
[SourceVersion "1"]
[SourceVersionDate "2019.06.03"]
[SourceQuality "1"]
[WhiteTeam "Boitsfort"]
[BlackTeam "Brasschaat"]
[WhiteTeamCountry "BEL"]
[BlackTeamCountry "BEL"]

1. d4 f5 2. Nc3 Nf6 3. Bg5 d5 4. e3 e6 5. Nf3 Nbd7 6. Bd3 c5 7. dxc5 Bxc5 8. 0-0 0-0 9. Na4 Be7 10. c4 b6 11. Rc1 Qe8 12. cxd5 Nxd5 13. Bxe7 Qxe7 14. Qe2 N7f6 15. Nc3 Bb7 16. Nxd5 Bxd5 17. Bc4 Rad8 18. Rfd1 Qb4 19. Bxd5 Rxd5 20. Rxd5 Nxd5 21. h3 h6 22. Qc2 Qd6 23. a3 Rf7 24. Qa4 Nf6 25. Qd4 Rd7 26. Rc8+ Kh7 27. Qxd6 Rxd6 28. Nd4 f4 29. Kf1 fxe3 30. fxe3 Kg6 31. Ke2 a6 32. Rc7 Nd5 33. Rb7 e5 34. Nf3 Kf6 35. Nd2 Rc6 36. Ne4+ Kg6 37. Kd3 Nc7 38. Nc3 h5 39. e4 b5 40. Ke3 Ne8 41. Nd5 Rc2 42. Re7 Nf6 43. Rxe5 Rxb2 44. Re6 Rb3+ 45. Kd4 Rxa3 46. Ke5 Rg3 47. Rxa6 Kf7 48. Ra7+ Kg6 49. Ra6 Kf7 50. Ra7+ Kg6 51. Ra6 1/2-1/2

[Event "BEL-chT 1819"]
[Site "Belgium"]
[Date "2018.09.30"]
[Round "1.1"]
[White "Winants, Luc"]
[Black "Kevlishvili, Robby"]
[Result "1/2-1/2"]
[WhiteElo "2513"]
[BlackElo "2485"]
[PlyCount "203"]
[EventDate "2018.09.30"]
[EventType "team-tourn"]
[EventRounds "11"]
[EventCountry "BEL"]
[SourceTitle "CBM 186 Extra"]
[Source "ChessBase"]
[SourceDate "2018.08.24"]
[SourceVersion "1"]
[SourceVersionDate "2018.08.24"]
[SourceQuality "1"]
[WhiteTeam "Boitsfort"]
[BlackTeam "Liege Crelel"]
[WhiteTeamCountry "BEL"]
[BlackTeamCountry "BEL"]

1. d4 Nf6 2. Nf3 g6 3. Nbd2 d5 4. e3 Bg7 5. b4 0-0 6. Bb2 c6 7. c4 Bf5 8. Qb3 Nbd7 9. Be2 a5 10. cxd5 a4 11. Qa3 cxd5 12. 0-0 Ne8 13. b5 Nd6 14. Bc3 Qb6 15. Qb2 Rfc8 16. Rfc1 Qd8 17. Bb4 Nb6 18. Qa3 Bf8 19. Bxd6 Qxd6 20. Qxd6 exd6 21. Ne1 Bd7 22. Kf1 a3 23. Nd3 Nc4 24. Ke1 Bxb5 25. Nf4 Bc6 26. Nxc4 dxc4 27. Bxc4 Ra5 28. Rab1 Be4 29. Bd3 Rxc1+ 30. Rxc1 Bc6 31. g3 Bh6 32. Ne2 Bg5 33. Nc3 Bd8 34. Ke2 Kf8 35. Rb1 b6 36. Be4 d5 37. Bd3 Ke7 38. Kd2 Kd6 39. Bb5 Be7 40. Bf1 Kc7 41. h4 Ra8 42. Bb5 Ra5 43. Bxc6 Kxc6 44. Kd3 b5 45. Rc1 Kd6 46. e4 dxe4+ 47. Nxe4+ Kd7 48. Nc5+ Ke8 49. Nb3 Ra6 50. Rc7 Bf6 51. f4 Re6 52. Nc5 Rb6 53. Rc8+ Bd8 54. Ra8 b4 55. Kc4 h6 56. d5 Ke7 57. Ra7+ Ke8 58. Nd3 g5 59. hxg5 hxg5 60. Nxb4 gxf4 61. gxf4 Be7 62. Nd3 Bd6 63. Kd4 Rb1 64. Ne5 f6 65. Nc4 Bxf4 66. Rxa3 Rd1+ 67. Ke4 Bc7 68. Ra7 Kd8 69. a4 Kc8 70. Ra8+ Kb7 71. Rf8 Ra1 72. d6 Rxa4 73. Kd5 Rxc4 74. Kxc4 Bxd6 75. Rxf6 Bb8 76. Kc5 Bh2 77. Re6 Bg3 78. Kb5 Bh2 79. Rh6 Bf4 80. Rh7+ Ka8 81. Rf7 Bh2 82. Kc6 Be5 83. Rb7 Bg3 84. Kb6 Be5 85. Ka6 Bf4 86. Rf7 Bg3 87. Rf8+ Bb8 88. Rf2 Be5 89. Re2 Bc7 90. Re6 Bg3 91. Rb6 Bc7 92. Rb7 Bg3 93. Kb6 Bf2+ 94. Kc7 Bg3+ 95. Kc8 Bf2 96. Rb3 Bd4 97. Rd3 Bg1 98. Rd2 Be3 99. Re2 Bb6 100. Rb2 Bd4 101. Ra2+ Ba7 102. Ra6 1/2-1/2

[Event "Olympiad-42"]
[Site "Baku"]
[Date "2016.09.11"]
[Round "9.1"]
[White "Salem, AR Saleh"]
[Black "Winants, Luc"]
[Result "1-0"]
[WhiteElo "2628"]
[BlackElo "2558"]
[PlyCount "95"]
[EventDate "2016.09.02"]
[EventType "team-swiss"]
[EventRounds "11"]
[EventCountry "AZE"]
[SourceTitle "CBM 175"]
[Source "ChessBase"]
[SourceDate "2016.11.10"]
[SourceVersion "1"]
[SourceVersionDate "2016.11.10"]
[SourceQuality "1"]
[WhiteTeam "United Arab Emirates"]
[BlackTeam "Belgium"]
[WhiteTeamCountry "UAE"]
[BlackTeamCountry "BEL"]

1. d4 Nf6 2. c4 e6 3. Nf3 Bb4+ 4. Nbd2 0-0 5. a3 Be7 6. e4 d6 7. Be2 c5 8. d5 exd5 9. cxd5 Re8 10. 0-0 Bf8 11. Bd3 Bg4 12. Qc2 Nbd7 13. b3 g6 14. a4 Bg7 15. Ra2 Nh5 16. h3 Bxf3 17. Nxf3 Ne5 18. Nxe5 Bxe5 19. g3 a6 20. Kg2 Bd4 21. a5 Rc8 22. Ra4 Rc7 23. Rc4 Rc8 24. Bd2 Nf6 25. f4 Rc7 26. Re1 Rce7 27. Qb1 Nd7 28. b4 Bg7 29. bxc5 Nxc5 30. Bb4 Nxd3 31. Qxd3 Rc7 32. Rec1 Rxc4 33. Qxc4 h5 34. Qc7 Qxc7 35. Rxc7 Rxe4 36. Rxb7 Re2+ 37. Kf3 Rb2 38. Rb8+ Kh7 39. Bxd6 Rd2 40. Ra8 Rxd5 41. Rxa6 Rd3+ 42. Ke4 Rxg3 43. Ra7 f5+ 44. Kd5 Rd3+ 45. Ke6 Kh6 46. Be7 h4 47. Bg5+ Kh5 48. Rxg7 1-0

[Event "Olympiad-42"]
[Site "Baku"]
[Date "2016.09.04"]
[Round "3.1"]
[White "Winants, Luc"]
[Black "Fancy, Stuart"]
[Result "1-0"]
[WhiteElo "2558"]
[BlackElo "1995"]
[PlyCount "41"]
[EventDate "2016.09.02"]
[EventType "team-swiss"]
[EventRounds "11"]
[EventCountry "AZE"]
[SourceTitle "CBM 175"]
[Source "ChessBase"]
[SourceDate "2016.11.10"]
[SourceVersion "1"]
[SourceVersionDate "2016.11.10"]
[SourceQuality "1"]
[WhiteTeam "Belgium"]
[BlackTeam "Papua New Guinea"]
[WhiteTeamCountry "BEL"]
[BlackTeamCountry "PNG"]

1. d4 g6 2. e4 Bg7 3. Nc3 c5 4. dxc5 Qa5 5. Bd2 Qxc5 6. Nd5 Na6 7. Nf3 e6 8. Bc3 Bxc3+ 9. Nxc3 Ne7 10. Qd2 f6 11. 0-0-0 0-0 12. h4 Rb8 13. h5 g5 14. e5 h6 15. Ne4 Qb4 16. Nxf6+ Rxf6 17. exf6 Qxd2+ 18. Nxd2 Nd5 19. Ne4 b6 20. c4 Ndb4 21. a3 1-0

[Event "Llucmajor op 5th"]
[Site "Llucmajor"]
[Date "2016.05.14"]
[Round "8"]
[White "Winants, Luc"]
[Black "Souleidis, Georgios"]
[Result "1-0"]
[WhiteElo "2562"]
[BlackElo "2425"]
[PlyCount "91"]
[EventDate "2016.05.08"]
[EventType "swiss"]
[EventRounds "9"]
[EventCountry "ESP"]
[SourceTitle "CBM 172 Extra"]
[Source "ChessBase"]
[SourceDate "2016.06.21"]
[SourceVersion "1"]
[SourceVersionDate "2016.06.21"]
[SourceQuality "1"]

1. e4 c5 2. Nf3 Nc6 3. Bb5 g6 4. 0-0 Bg7 5. Re1 Nf6 6. Nc3 0-0 7. e5 Ng4 8. Bxc6 dxc6 9. d3 Nh6 10. h3 b6 11. Bf4 Nf5 12. Ne4 Nd4 13. Nxd4 cxd4 14. Qd2 Qd5 15. Ng3 c5 16. b3 Bb7 17. f3 Rac8 18. Re2 b5 19. Rae1 c4 20. Bh6 cxd3 21. cxd3 Rc2 22. Qf4 Bxh6 23. Qxh6 Rfc8 24. h4 Rxe2 25. Rxe2 Qc5 26. Kf2 Qc3 27. Qg5 Qxd3 28. Qxe7 Rc2 29. Rxc2 Qxc2+ 30. Kg1 d3 31. e6 fxe6 32. Qxe6+ Kf8 33. Qd6+ Kf7 34. Qd7+ Kg8 35. Qe8+ Kg7 36. Qe7+ Kg8 37. Nf1 Bc6 38. Ne3 Qc1+ 39. Kh2 Qe1 40. Qe6+ Kf8 41. Qf6+ Kg8 42. Ng4 h5 43. Qxg6+ Kf8 44. Qf6+ Kg8 45. Nh6+ Kh7 46. Nf5 1-0

[Event "Llucmajor op 5th"]
[Site "Llucmajor"]
[Date "2016.05.12"]
[Round "6"]
[White "Winants, Luc"]
[Black "Movsziszian, Karen"]
[Result "1/2-1/2"]
[WhiteElo "2562"]
[BlackElo "2468"]
[PlyCount "88"]
[EventDate "2016.05.08"]
[EventType "swiss"]
[EventRounds "9"]
[EventCountry "ESP"]
[SourceTitle "CBM 172 Extra"]
[Source "ChessBase"]
[SourceDate "2016.06.21"]
[SourceVersion "1"]
[SourceVersionDate "2016.06.21"]
[SourceQuality "1"]

1. c4 d6 2. g3 g6 3. Bg2 Bg7 4. Nc3 e5 5. d3 Nc6 6. Rb1 a5 7. e3 Nf6 8. Nge2 0-0 9. 0-0 Bd7 10. b3 Qc8 11. Nd5 Bh3 12. e4 Bxg2 13. Kxg2 Nxd5 14. cxd5 Nd4 15. Be3 Nxe2 16. Qxe2 f5 17. f3 c6 18. Rbc1 c5 19. Bd2 Qd7 20. a3 b6 21. g4 Rf7 22. a4 Bf6 23. Kh1 fxg4 24. fxg4 Raf8 25. Bh6 Bg7 26. Rxf7 Rxf7 27. Be3 Bf8 28. Kg2 Be7 29. Rf1 Rxf1 30. Kxf1 Qd8 31. Qd2 Qd7 32. h3 h5 33. Qg2 hxg4 34. Qxg4 Qxg4 35. hxg4 g5 36. Ke2 Kf7 37. Kd2 Ke8 38. Kc3 Kd7 39. Kc4 Kc7 40. Kb5 Kb7 41. Bd2 Bd8 42. Bc3 Bc7 43. Be1 Bd8 44. Bd2 Be7 1/2-1/2

[Event "Llucmajor op 5th"]
[Site "Llucmajor"]
[Date "2016.05.11"]
[Round "5"]
[White "Manik, Mikulas"]
[Black "Winants, Luc"]
[Result "1/2-1/2"]
[WhiteElo "2428"]
[BlackElo "2562"]
[PlyCount "84"]
[EventDate "2016.05.08"]
[EventType "swiss"]
[EventRounds "9"]
[EventCountry "ESP"]
[SourceTitle "CBM 172 Extra"]
[Source "ChessBase"]
[SourceDate "2016.06.21"]
[SourceVersion "1"]
[SourceVersionDate "2016.06.21"]
[SourceQuality "1"]

1. e4 e5 2. Nf3 Nc6 3. d4 exd4 4. Nxd4 Bc5 5. Nb3 Bb6 6. Nc3 Nf6 7. Bg5 h6 8. Bh4 d6 9. Qe2 Be6 10. 0-0-0 g5 11. Bg3 Qe7 12. f3 0-0-0 13. Qe1 a6 14. Nd5 Bxd5 15. exd5 Qxe1 16. Bxe1 Ne5 17. c4 Rde8 18. Kc2 Nh5 19. Bc3 Rhg8 20. Re1 Bf2 21. Re2 Ba7 22. g3 Kb8 23. Bxe5 dxe5 24. Bh3 Ng7 25. Rhe1 f6 26. Nd2 Rd8 27. b4 Rgf8 28. Ne4 Bd4 29. Nc5 Rf7 30. Ne6 Nxe6 31. Bxe6 Re7 32. Bf5 c6 33. dxc6 bxc6 34. Rb1 Kc7 35. a4 a5 36. b5 Bc5 37. Rd2 Rxd2+ 38. Kxd2 Re8 39. Ke2 Rd8 40. Be4 Rd4 41. bxc6 Bb4 42. Rd1 Rxd1 1/2-1/2

[Event "BEL-chT 1516"]
[Site "Belgium"]
[Date "2016.04.17"]
[Round "10.2"]
[White "Zaragatski, Ilja"]
[Black "Winants, Luc"]
[Result "1/2-1/2"]
[WhiteElo "2461"]
[BlackElo "2560"]
[PlyCount "62"]
[EventDate "2015.09.27"]
[EventType "team-tourn"]
[EventRounds "11"]
[EventCountry "BEL"]
[SourceTitle "EXT 2017"]
[Source "ChessBase"]
[SourceDate "2016.10.25"]
[SourceVersion "1"]
[SourceVersionDate "2016.10.25"]
[SourceQuality "1"]
[WhiteTeam "Amay"]
[BlackTeam "Wirtzfeld"]
[WhiteTeamCountry "BEL"]
[BlackTeamCountry "BEL"]

1. Nf3 d5 2. g3 Bg4 3. Bg2 Nd7 4. c4 e6 5. cxd5 exd5 6. 0-0 Ngf6 7. d3 Bc5 8. Nc3 0-0 9. Qb3 Nb6 10. e4 dxe4 11. dxe4 Nfd7 12. Bf4 Qf6 13. e5 Qg6 14. Ng5 Be7 15. Nge4 Qh5 16. Nd5 Nxd5 17. Qxd5 c6 18. Qb3 Nxe5 19. Qxb7 Nf3+ 20. Bxf3 Bxf3 21. Nd2 Bf6 22. Nxf3 Qxf3 23. Rac1 a5 24. Qxc6 Qxc6 25. Rxc6 Bxb2 26. Rb1 Bf6 27. a4 Rfe8 28. Rb5 h6 29. Rcc5 Re4 30. Rxa5 Rxa4 31. Rxa8+ Rxa8 1/2-1/2

[Event "BEL-chT 1516"]
[Site "Belgium"]
[Date "2016.03.06"]
[Round "8.3"]
[White "Winants, Luc"]
[Black "Decoster, Frederic"]
[Result "1/2-1/2"]
[WhiteElo "2560"]
[BlackElo "2330"]
[PlyCount "146"]
[EventDate "2015.09.27"]
[EventType "team-tourn"]
[EventRounds "11"]
[EventCountry "BEL"]
[SourceTitle "EXT 2017"]
[Source "ChessBase"]
[SourceDate "2016.10.25"]
[SourceVersion "1"]
[SourceVersionDate "2016.10.25"]
[SourceQuality "1"]
[WhiteTeam "Wirtzfeld"]
[BlackTeam "KBSK Brugge"]
[WhiteTeamCountry "BEL"]
[BlackTeamCountry "BEL"]

1. d4 d5 2. Bf4 Nf6 3. e3 e6 4. Nd2 c5 5. c3 Nc6 6. Ngf3 Bd6 7. Bg3 0-0 8. Bb5 Ne7 9. Bd3 a6 10. e4 dxe4 11. Nxe4 Nxe4 12. Bxe4 cxd4 13. Qxd4 Bxg3 14. hxg3 f5 15. Bc2 Qxd4 16. Nxd4 h6 17. 0-0-0 e5 18. Nf3 Nc6 19. Rd6 e4 20. Bb3+ Kh8 21. Nh4 Kh7 22. Ng6 Rf6 23. Rxf6 gxf6 24. Nf4 Bd7 25. Rd1 Ne5 26. Rd6 Rf8 27. Bd5 Bc8 28. Kd2 Kg7 29. b3 Ng4 30. Ke2 Ne5 31. c4 Kh7 32. c5 h5 33. Nxh5 Kg6 34. Nf4+ Kg5 35. Be6 Re8 36. Bxc8 Rxc8 37. b4 a5 38. b5 Nd3 39. Nxd3 exd3+ 40. Kxd3 Rxc5 41. a4 Rc1 42. Rb6 Ra1 43. Rxb7 Rxa4 44. Ra7 Kg6 45. Kc3 Kg5 46. f3 Kg6 47. Rd7 Rb4 48. Rd5 Rb1 49. Kc4 Rc1+ 50. Kb3 Rb1+ 51. Kc2 Rb4 52. Kc3 Rb1 53. Kd4 a4 54. Kc5 a3 55. Rd2 Rb2 56. Rd3 Rc2+ 57. Kb6 a2 58. Ra3 Rxg2 59. f4 Kh5 60. Ka7 Kg4 61. b6 Rxg3 62. Rxa2 Kxf4 63. b7 Rb3 64. Ra6 Rxb7+ 65. Kxb7 Kg3 66. Kc6 f4 67. Kd5 f3 68. Ke4 f2 69. Rxf6 Kg2 70. Rg6+ Kh2 71. Rf6 Kg2 72. Ke3 f1Q 73. Rxf1 Kxf1 1/2-1/2

[Event "BEL-chT 1415"]
[Site "Belgium"]
[Date "2015.01.11"]
[Round "6.2"]
[White "Winants, Luc"]
[Black "Alienkin, Aleksander"]
[Result "1/2-1/2"]
[WhiteElo "2548"]
[BlackElo "2393"]
[PlyCount "151"]
[EventDate "2014.09.28"]
[EventType "team-swiss"]
[EventRounds "11"]
[EventCountry "BEL"]
[SourceTitle "EXT 2016"]
[Source "ChessBase"]
[SourceDate "2015.10.08"]
[SourceVersion "1"]
[SourceVersionDate "2015.10.08"]
[SourceQuality "1"]
[WhiteTeam "Wirtzfeld"]
[BlackTeam "Liege Crelel"]
[WhiteTeamCountry "BEL"]
[BlackTeamCountry "BEL"]

1. d4 Nf6 2. Nf3 c5 3. e3 g6 4. dxc5 Qa5+ 5. Bd2 Qxc5 6. c4 Bg7 7. Bc3 0-0 8. Nbd2 d6 9. Be2 b6 10. 0-0 Bb7 11. b4 Qc7 12. Qb3 Nbd7 13. Rac1 Rac8 14. Qb2 Qb8 15. Rfe1 Qa8 16. Bf1 Rfd8 17. h3 Bh6 18. Qb3 Bg7 19. a3 Rc7 20. Bb2 Rdc8 21. Qa2 a6 22. Qa1 Bh6 23. Nh2 d5 24. cxd5 Rxc1 25. Rxc1 Rxc1 26. Qxc1 Nxd5 27. Ng4 Bg7 28. Bxg7 Kxg7 29. Qb2+ N5f6 30. Qd4 b5 31. Nb3 Bd5 32. Nxf6 exf6 33. Nd2 Qc6 34. f4 Nb6 35. g4 Kg8 36. h4 Qe6 37. Be2 Nc4 38. Nxc4 Bxc4 39. Bf3 Qe7 40. Kf2 a5 41. Qc3 axb4 42. Qxb4 Qd7 43. Qc3 Qe6 44. Qd4 Qa6 45. Qc3 Qe6 46. Kg3 h6 47. Qd4 Qa6 48. Qc5 Qa5 49. Qb4 Qa6 50. Kf2 Qe6 51. Qc5 Qa6 52. Qb4 Qe6 53. Qc3 g5 54. hxg5 hxg5 55. Qd4 gxf4 56. exf4 Qa6 57. g5 fxg5 58. Qd8+ Kg7 59. Qxg5+ Kh8 60. Qe5+ Kg8 61. Kg3 Qg6+ 62. Qg5 Qxg5+ 63. fxg5 f6 64. Kf4 fxg5+ 65. Kxg5 Kf7 66. Kf5 Ke7 67. Ke5 Kd7 68. Bd5 Bxd5 69. Kxd5 Kc7 70. Kc5 Kb7 71. Kxb5 Ka7 72. a4 Kb7 73. a5 Ka7 74. a6 Kb8 75. Kb6 Ka8 76. a7 1/2-1/2

[Event "BEL-chT 1415"]
[Site "Belgium"]
[Date "2014.11.02"]
[Round "3.1"]
[White "Winants, Luc"]
[Black "Edouard, Romain"]
[Result "1/2-1/2"]
[WhiteElo "2548"]
[BlackElo "2674"]
[PlyCount "50"]
[EventDate "2014.09.28"]
[EventType "team-swiss"]
[EventRounds "11"]
[EventCountry "BEL"]
[SourceTitle "EXT 2015"]
[Source "ChessBase"]
[SourceDate "2014.11.20"]
[SourceVersion "1"]
[SourceVersionDate "2014.11.20"]
[SourceQuality "1"]
[WhiteTeam "Wirtzfeld"]
[BlackTeam "Amay"]
[WhiteTeamCountry "BEL"]
[BlackTeamCountry "BEL"]

1. d4 Nf6 2. Nc3 d5 3. Bf4 g6 4. Qd2 Bg7 5. Bh6 0-0 6. Bxg7 Kxg7 7. e3 c5 8. dxc5 e5 9. 0-0-0 Qa5 10. f4 exf4 11. exf4 Rd8 12. Nf3 Bg4 13. Be2 Bxf3 14. Bxf3 d4 15. Nb1 Qc7 16. g4 Nc6 17. Rhf1 a5 18. Na3 Qe7 19. Qe2 Qxc5 20. Qb5 Qd6 21. Kb1 Rac8 22. Nc4 Qb4 23. Qxb4 Nxb4 24. Na3 b6 25. Rd2 d3 1/2-1/2

[Event "BEL-chT 1415"]
[Site "Belgium"]
[Date "2014.10.19"]
[Round "2.2"]
[White "Winants, Luc"]
[Black "Wemmers, Xander"]
[Result "1-0"]
[WhiteElo "2548"]
[BlackElo "2354"]
[PlyCount "67"]
[EventDate "2014.09.28"]
[EventType "team-swiss"]
[EventRounds "11"]
[EventCountry "BEL"]
[SourceTitle "EXT 2015"]
[Source "ChessBase"]
[SourceDate "2014.11.20"]
[SourceVersion "1"]
[SourceVersionDate "2014.11.20"]
[SourceQuality "1"]
[WhiteTeam "Wirtzfeld"]
[BlackTeam "Borgerhout"]
[WhiteTeamCountry "BEL"]
[BlackTeamCountry "BEL"]

1. d4 e6 2. e4 d5 3. Nc3 Bb4 4. e5 c5 5. Bd2 Nh6 6. Nce2 Bxd2+ 7. Qxd2 Nc6 8. Nf3 f6 9. exf6 Qxf6 10. c3 0-0 11. Ng3 cxd4 12. cxd4 Bd7 13. Bb5 Nf7 14. 0-0 Nd6 15. Bxc6 Bxc6 16. b3 Rac8 17. Rfe1 Ne4 18. Qe3 Rc7 19. Rac1 Rcf7 20. Rc2 Qd8 21. Nxe4 dxe4 22. Ng5 Rf6 23. Rxc6 bxc6 24. Qxe4 Rh6 25. Nxe6 Qd6 26. Nxf8 Qxh2+ 27. Kf1 Qh1+ 28. Ke2 Qh5+ 29. Kd3 Qb5+ 30. Kc2 Rf6 31. Qxh7+ Kf7 32. Qe4 Kg8 33. Nd7 Rxf2+ 34. Kb1 1-0

[Event "BEL-chT 1415"]
[Site "Belgium"]
[Date "2014.09.28"]
[Round "1.1"]
[White "Winants, Luc"]
[Black "Rozentalis, Eduardas"]
[Result "0-1"]
[WhiteElo "2548"]
[BlackElo "2615"]
[PlyCount "88"]
[EventDate "2014.09.28"]
[EventType "team-swiss"]
[EventRounds "11"]
[EventCountry "BEL"]
[SourceTitle "CBM 162 Extra"]
[Source "ChessBase"]
[SourceDate "2014.10.17"]
[SourceVersion "1"]
[SourceVersionDate "2014.10.17"]
[SourceQuality "1"]
[WhiteTeam "Wirtzfeld"]
[BlackTeam "KGSRL"]
[WhiteTeamCountry "BEL"]
[BlackTeamCountry "BEL"]

1. d4 Nf6 2. Nf3 e6 3. Bf4 b6 4. e3 Bb7 5. Nbd2 Be7 6. h3 d6 7. Bd3 Nbd7 8. Bh2 0-0 9. Qe2 Re8 10. 0-0 Bf8 11. Rfd1 Qe7 12. Ba6 Bxa6 13. Qxa6 g6 14. a4 Bg7 15. c3 Qd8 16. a5 Qc8 17. Qxc8 Raxc8 18. axb6 axb6 19. Ra7 Nb8 20. Rda1 Nc6 21. R7a6 e5 22. Kf1 Nd7 23. Nc4 f5 24. Rd1 exd4 25. exd4 h6 26. Re1 Rxe1+ 27. Nxe1 g5 28. Nc2 f4 29. N4a3 Nf6 30. Nb5 Nd5 31. Ke2 Kf7 32. Bg1 Re8+ 33. Kf1 Na5 34. Nca3 Kg6 35. Nb1 Nc4 36. b3 Nb2 37. Nd2 Nd3 38. Ra1 Nxc3 39. Nxc7 Re7 40. Na8 Bxd4 41. f3 Ne4 42. Nxe4 Bxa1 43. Nxb6 Be5 44. Nd2 Bd4 0-1

[Event "Olympiad-41"]
[Site "Tromsoe"]
[Date "2014.08.12"]
[Round "10.1"]
[White "Kovalyov, Anton"]
[Black "Winants, Luc"]
[Result "1-0"]
[WhiteElo "2622"]
[BlackElo "2545"]
[PlyCount "85"]
[EventDate "2014.08.02"]
[EventType "team-swiss"]
[EventRounds "11"]
[EventCountry "NOR"]
[SourceTitle "CBM 162"]
[Source "ChessBase"]
[SourceDate "2014.09.17"]
[SourceVersion "1"]
[SourceVersionDate "2014.09.17"]
[SourceQuality "1"]
[WhiteTeam "Canada"]
[BlackTeam "Belgium"]
[WhiteTeamCountry "CAN"]
[BlackTeamCountry "BEL"]

1. Nf3 Nf6 2. c4 e6 3. g3 d5 4. d4 Bb4+ 5. Bd2 Bxd2+ 6. Nbxd2 0-0 7. Bg2 b6 8. cxd5 exd5 9. 0-0 Bb7 10. Rc1 Nbd7 11. b4 c6 12. Qb3 Qe7 13. Rfe1 Rfd8 14. a3 a5 15. Nh4 axb4 16. axb4 Qf8 17. e4 dxe4 18. Nxe4 Nd5 19. Nf5 Qxb4 20. Qf3 N7f6 21. Nxf6+ Nxf6 22. Re7 Qb2 23. Rce1 Ra1 24. Rf1 Ba6 25. Nh6+ gxh6 26. Qxf6 Rf8 27. Re4 Bd3 28. Rg4+ Bg6 29. h4 h5 30. Rg5 Re8 31. g4 Rxf1+ 32. Bxf1 Re1 33. gxh5 Qa3 34. hxg6 hxg6 35. Re5 Rxe5 36. dxe5 Qc3 37. Qg5 Qf3 38. Bg2 Qd1+ 39. Kh2 c5 40. f4 c4 41. e6 Qe2 42. e7 c3 43. Qe5 1-0

[Event "BEL-chT 1314"]
[Site "Belgium"]
[Date "2014.02.23"]
[Round "10.2"]
[White "Winants, Luc"]
[Black "Piceu, Tom"]
[Result "0-1"]
[WhiteElo "2534"]
[BlackElo "2330"]
[PlyCount "134"]
[EventDate "2013.09.22"]
[EventType "team-tourn"]
[EventRounds "11"]
[EventCountry "BEL"]
[SourceTitle "EXT 2015"]
[Source "ChessBase"]
[SourceDate "2014.11.20"]
[SourceVersion "1"]
[SourceVersionDate "2014.11.20"]
[SourceQuality "1"]
[WhiteTeam "Wirtzfeld"]
[BlackTeam "KBSK Brugge"]
[WhiteTeamCountry "BEL"]
[BlackTeamCountry "BEL"]

1. d4 Nf6 2. Nf3 c5 3. e3 g6 4. c4 Bg7 5. Nc3 0-0 6. d5 d6 7. Nd2 e5 8. Be2 Nbd7 9. g4 a6 10. a4 Ne8 11. h4 f5 12. e4 fxg4 13. Bxg4 Ndf6 14. Be2 Nh5 15. Bxh5 gxh5 16. f3 Bf6 17. Ke2 Bxh4 18. Qg1+ Ng7 19. a5 Qf6 20. Na4 Bg5 21. Ra3 Kh8 22. Nb6 Rb8 23. b4 cxb4 24. Rb3 Rg8 25. Qf2 h4 26. c5 Nh5 27. Kd1 Ng3 28. Re1 Bf4 29. cxd6 Qxd6 30. Ndc4 Qf6 31. Bxf4 Qxf4 32. Qb2 Rg5 33. Rd3 Bh3 34. d6 Bf1 35. Nd5 Qf8 36. Nxe5 Rg7 37. Rd2 Rd8 38. Nc7 Rxd6 39. Rxd6 Qxd6+ 40. Nd5 Kg8 41. Ng4 Bc4 42. Ngf6+ Kf8 43. Qd4 Bxd5 44. Nxd5 h3 45. e5 Nf5 46. Qe4 Qe6 47. Qxb4+ Ne7 48. Nf4 Qc6 49. Qb3 Rg3 50. Ke2 Nf5 51. Rd1 h2 52. e6 h1Q 53. Qa3+ Ke8 54. Rxh1 Qc2+ 55. Ke1 Nd4 56. Qa1 Nxf3+ 57. Kf1 Nd2+ 58. Ke1 Re3+ 59. Kf2 Nb3+ 60. Kxe3 Nxa1 61. Rh4 Nb3 62. Rg4 Qc3+ 63. Ke4 Qb4+ 64. Ke5 Qxa5+ 65. Kf6 Qc3+ 66. Kf5 Nd4+ 67. Ke4 Qf3+ 0-1

[Event "BEL-chT 1314"]
[Site "Belgium"]
[Date "2014.01.26"]
[Round "8.1"]
[White "Winants, Luc"]
[Black "Eliet, Nicolas"]
[Result "1-0"]
[WhiteElo "2534"]
[BlackElo "2407"]
[PlyCount "53"]
[EventDate "2013.09.22"]
[EventType "team-tourn"]
[EventRounds "11"]
[EventCountry "BEL"]
[SourceTitle "EXT 2015"]
[Source "ChessBase"]
[SourceDate "2014.11.20"]
[SourceVersion "1"]
[SourceVersionDate "2014.11.20"]
[SourceQuality "1"]
[WhiteTeam "Wirtzfeld"]
[BlackTeam "Charleroi CREC"]
[WhiteTeamCountry "BEL"]
[BlackTeamCountry "BEL"]

1. d4 e6 2. c4 Nf6 3. Nc3 d5 4. Bg5 Be7 5. e3 0-0 6. Nf3 Nbd7 7. Rc1 dxc4 8. Bxc4 a6 9. e4 c5 10. e5 Nd5 11. Ne4 cxd4 12. h4 N7b6 13. Bb3 f6 14. exf6 Nxf6 15. Bxf6 Bxf6 16. Nxf6+ Rxf6 17. Qxd4 Qxd4 18. Nxd4 a5 19. a3 a4 20. Ba2 Rf4 21. Ne2 Rf6 22. 0-0 Bd7 23. Nd4 Kh8 24. f4 Rd8 25. g3 Be8 26. Nxe6 Rd3 27. Rfd1 1-0

[Event "EU-Cup 29th"]
[Site "Rhodes"]
[Date "2013.10.23"]
[Round "4.2"]
[White "Moen, Andreas"]
[Black "Winants, Luc"]
[Result "0-1"]
[WhiteElo "2390"]
[BlackElo "2534"]
[PlyCount "66"]
[EventDate "2013.10.20"]
[EventType "team-swiss"]
[EventRounds "7"]
[EventCountry "GRE"]
[SourceTitle "CBM 157"]
[Source "ChessBase"]
[SourceDate "2013.11.12"]
[SourceVersion "1"]
[SourceVersionDate "2013.11.12"]
[SourceQuality "1"]
[WhiteTeam "Oslo"]
[BlackTeam "Wirtzfeld"]
[WhiteTeamCountry "NOR"]
[BlackTeamCountry "BEL"]

1. e4 e5 2. Nf3 Nc6 3. Bb5 a6 4. Ba4 Nf6 5. 0-0 d6 6. Re1 b5 7. Bb3 Na5 8. d4 Nxb3 9. axb3 Nd7 10. Nc3 Bb7 11. Be3 Be7 12. Nd5 0-0 13. c4 c6 14. Nxe7+ Qxe7 15. c5 dxc5 16. dxe5 Nxe5 17. Nxe5 Qxe5 18. Qc2 c4 19. bxc4 Rfe8 20. f3 a5 21. Rad1 Qe6 22. c5 Rad8 23. Bf4 Qf6 24. Bd6 Bc8 25. f4 Bg4 26. Rd3 a4 27. Ree3 Be6 28. Be5 Qe7 29. Rg3 f6 30. Bd6 Qf7 31. Qc3 Ba2 32. Rde3 Qb3 33. Qxf6 Qxe3+ 0-1